Score 0/55 Timer 06:00
9 Plays Today
% Correct
Oslo
81.9%
Panama
81.9%
Peru
80%
Brazil
79.6%
Kentucky
77.6%
Russia
77.5%
Alabama
74.7%
Ecuador
74.6%
Honduras
74.1%
Latvia
74%
Mexico
73.6%
Finland
73.6%
Stockholm
73.5%
Georgia
73.5%
Estonia
73.4%
Helsinki
73.4%
Costa Rica
72.8%
Sweden
72.5%
Guatemala
72.1%
Lithuania
72%
Mississippi
71.9%
Nicaragua
71.3%
Belize
70.7%
El Salvador
70.5%
Copenhagen
70.3%
Denmark
69.9%
Poland
69.8%
Colombia
69.4%
% Correct
North Carolina
68.4%
Germany
68.2%
Virginia
67.1%
Arkansas
65.8%
Missouri
65.6%
Chad
63.6%
Iran
61.9%
Iraq
61.7%
Oman
57%
Mali
56.7%
Cuba
56.7%
Fiji
54.8%
Queensland
54.3%
Togo
53.1%
Laos
53.1%
Reykjavík
51.7%
New South Wales
48.9%
Nepal
47.9%
Honshū
41.4%
Luxembourg
39.7%
Tasmania
39.3%
Western Australia
39.1%
Victoria
39%
Hokkaidō
30.4%
South Australia
27.1%
Kyūshū
17.3%
Shikoku
12.7%
Remove Ads.
Support Sporcle.
Get the best of Sporcle when you Go Orange. This ad-free experience offers more features, more stats, and more fun while also helping to support Sporcle. Thank you for becoming a member.

You're not logged in!

Compare scores with friends on all Sporcle quizzes.
OR
Log In

Show Comments

Extras

Top Quizzes Today


Score Distribution

Your Account Isn't Verified!

In order to create a playlist on Sporcle, you need to verify the email address you used during registration. Go to your Sporcle Settings to finish the process.

Report this User

Report this user for behavior that violates our Community Guidelines.

Details: